| 000 | 00959nam a22001817a 4500 | ||
|---|---|---|---|
| 003 | NUST | ||
| 005 | 20221103103925.0 | ||
| 008 | 221103b ||||| |||| 00| 0 eng d | ||
| 020 | _a9781484252802 | ||
| 082 | _a620.00151,TUR | ||
| 100 |
_aTurk, Irfan _9102289 |
||
| 245 |
_aParctical MATLAB : _bwith modeling, simulation and processing projects / _cIrfan Turk, |
||
| 260 |
_aApress _bTurkey _c2019 |
||
| 300 | _axvii, 297 p | ||
| 505 | _aIntroduction to MATLAB (Page-1), Fundamentals of MATLAB Language (Page-41), Economic Modeling (Page-73), Numerical Methods (Page-87), Applications in Simulation (Page-105), Basic Statistics and Data Analysis (Page-121), Data Visualization and Animation (Page-133), Computational Biology (Page-147), Signal Processing (Page-185), Image Processing (page-209), Introduction to Sound Processing (Page-259), Applications with Graphical User Interfaces (Page-271), | ||
| 650 |
_aParctical MATLAB _9102290 |
||
| 942 |
_2ddc _cBK |
||
| 999 |
_c592235 _d592235 |
||